| 000 | 00499cam a22001457a 4500 | ||
|---|---|---|---|
| 008 | 180718b2004 xxu||||| |||| 00| 0 eng d | ||
| 082 | _aA81x54 01/30TH | ||
| 100 | _aCensus of India 2001 | ||
| 245 | _aKarnataka: tables on houses, household amenities and assets | ||
| 260 |
_aDelhi _bThe Controller of Publications _c2004 |
||
| 300 | _a2v. | ||
| 440 | _aCensus of India 2001. Series-30, Karnataka | ||
| 500 | _aContents: v.1. 530p.;v.2. p.531-1054 | ||
| 650 | _aHousehold surveys - India - Karnataka | ||
| 999 |
_c490770 _d490770 |
||